00386nam a22001457a 4500003000400000008004100004082001900045100002300064245005600087260004400143300000900187502001500196650002000211650000900231OSt260416b |||||||| |||| 00| 0 eng d a581.2326bP21M aPatel, Avadh Kumar aMaydis Leaf Blight of Maize in Relation to Stresses aPusa, SamastipurbRAU, Samastipurc2005 a42P. bMsc.d2005 aPlant Pathology aMsc.